Fruits from the tree of light : an anthology of writings

Main Author: Nursi, Said (Author)
Published: Istanbul: Reyhan Offset, 2001
Subjects:
LEADER 00737cam a2200229 7i4500
001 0000042583
005 20240922090000.0
008 240922t20012001tu # ### #00001engm#
020 # # |a 9754320314  
040 # # |a UMT   |b eng   |c UMT   |e rda 
090 0 0 |a BP 189.6   |b .N8 2001 
100 1 # |a Nursi, Said   |e author  
245 1 0 |a Fruits from the tree of light :   |b an anthology of writings   |c by Bediuzzaman Said Nursi. 
264 # 4 |c ♭2001 
264 # 1 |a Istanbul:   |b Reyhan Offset,   |c 2001 
300 # # |a 151 pages;   |c 18 cm 
336 # # |a text --   |2 rdacontent 
337 # # |a unmediated --   |2 rdamedia 
338 # # |a volume --   |2 rdacarrier 
590 # # |a Pusat Pendidikan Asas dan Liberal 
650 0 0 |a Sufism  
999 |a 1100032518  |b Book  |c Open Shelf  |e KOLEKSI TERBUKA